Desvendando O Burn-Out Uma anl̀ise interdisciplinar da Sn̕drome do Esgotamento Profifissional /

Bibliographic Details
Main Author: Mendanha, Marcos Henrique
Other Authors: Ferreira Bernardes, Pablo, Shiozawa, Pedro
Format: eBook
Language:Portuguese
Published: San Pablo: LTR, 2018
Subjects:
Online Access:Acceso restringido

MARC

LEADER 00000nam a22000007a 4500
005 2018110306466.0
007 cr|||| |||
008 181103s2018 br |||||s|||| 00||0 por d
020 |a 978-85-361-9743-2 
035 |a 22368 
040 |a vLex 
090 |c 8287  |d 8287 
100 1 |a Mendanha, Marcos Henrique 
245 1 0 |a Desvendando O Burn-Out  |h [Recurso electrn̤ico] :  |b Uma anl̀ise interdisciplinar da Sn̕drome do Esgotamento Profifissional /  |c Marcos Henrique Mendanha, Pablo Ferreira Bernardes, Pedro Shiozawa 
256 |a Servicio en ln̕ea 
260 |a San Pablo:  |b LTR,  |c 2018 
300 |a 1 recurso electrn̤ico 
500 |a Nas l︢timas dčadas, especialmente com o acirramento da competitividade, das presse̳s por maior produtividadee cumprimento de metas, das relaė̳s conflitivas interpessoais, das expectativas e frustraė̳s profissionais, entre outros fatores, tem-se verificado, no meio laboral, a efervescn̊cia de uma condiȯ̂ cln̕ica, chamada Sn̕drome de Burn-Out (ou Sn̕drome do Esgotamento Profissional). Nesta obra, optamos pela denominaȯ̂ ‘burn-out” (com hf̕en), j ̀seguindo a proposta da Organizaȯ̂ Mundial de Sad︢e (OMS) consubstanciada na nova CID-11 (Internacional Statistical Classification of Diseases and Related Health Problems 11th Revision), que entrar ̀em vigor em 2022. Essa denominaȯ̂ provm̌ da ln̕gua inglesa (to burn: arder, queimar; out: at ̌o fim). Literalmente, significa “queimar at ̌a chama desvanecer”, dando a ideia de um “fogo que vai se apagando aos poucos, at ̌definitivamente cessar”. Figurativamente, designa algo que vai sendo consumido (que vai deixando de funcionar) at ̌ ̉exaustô total. Tambm̌ conhecida como Sn̕drome do Esgotamento Profissional, a Sn̕drome de Burn-Out ̌definida como um estado fs̕ico e mental de profunda extenuaȯ̂, que se desenvolve em decorrn̊cia de exposiȯ̂ significativa a situaė̳s de alta demanda no ambiente de trabalho. Convidamos todos leitores os para um estudo multidisciplinar de um tema que est,̀ e cada vez mais estar,̀ em evidn̊cia no mundo moderno. 
506 1 |a Disponible solo en los productos indicados  |d vLex Global  |d vLex Global (Academic Edition, excluding Law Schools)  |d vLex Global (U.S. Academic Edition, Law Schools)  |d vLex Global (U.S. Academic Edition, excluding Law Schools)  |d vLex Global (Academic Edition, Law Schools) 
650 0 4 |a Derecho Laboral y Seguridad Social  |z Brasil 
650 0 4 |a Relaciones Laborales Especiales  |z Brasil 
650 0 4 |a Seguridad y Salud Laboral  |z Brasil 
700 1 |a Ferreira Bernardes, Pablo 
700 1 |a Shiozawa, Pedro 
740 0 |a vLex Libros (Servicio en ln̕ea) 
856 4 0 |u http://vlex.com/source/desvendando-o-burn-out-uma-analise-interdisciplinar-da-sindrome-do-esgotamento-profifissional-22368  |z Acceso restringido 
942 |c BOOK 
999 0 |a Labor Law and Social Security 
999 0 |a Special Labor Relations 
999 0 |a Occupational Health and Safety